SSX Levels - Statistics

General Stats
  • This quiz has been taken 9 times
  • The average score is 8 of 10
Answer Stats
Hint Answer % Correct
SSX(2000) Elysium Alps
100%
SSX(2000) Snowdream
100%
SSX Tricky Alaska
80%
SSX(2000) Aloha Ice Jam
80%
SSX(2000) Mesablanca
80%
SSX(2000) Pipedream
80%
SSX(2000) Tokyo Megaplex
80%
SSX(2000) Untracked
80%
SSX Tricky Garibaldi
60%
SSX(2000) Merqury City Meltdown
60%
No matching quizzes found
Score Distribution
Percent of People with Each Score
Percentile by Number Answered
Your Score History
You have not taken this quiz